00395nam a22000977a 4500008004100000050002800041100002100069245013700090260005500227300001500282210118b xxu||||| |||| 00| 0 eng d aGMMF1203b.N59 2019 c.1 aNiyinyumva, Boaz aInfluence of culture on health insurance uptake among patients at Chogoria Mission hospital, Tharaka nithi county cBoaz Niyinyumva  aKabarak, Nakuru, Kenya bKabarak University c2019 a81 Leaves